| 000 | 00596nam a22001697a 4500 | ||
|---|---|---|---|
| 999 |
_c15254 _d15254 |
||
| 003 | OSt | ||
| 082 | _2631.75807 MIN/EF | ||
| 088 | _aT 17 | ||
| 100 |
_aMINI P. K _92865 |
||
| 245 | _aEffect of different tillage methods on percolation loss in rice fields | ||
| 260 |
_aTavanur 1993 _bKelappaji College of Agricultural Engineering and Technology |
||
| 300 | _a96 | ||
| 500 | _aEffect of different tillage methods on percolation loss in rice fields | ||
| 520 | _aEffect of different tillage methods on percolation loss in rice fields | ||
| 700 |
_aProf. T. P. George (Guide) _92866 |
||
| 942 | _cTH | ||